[Event "POL-chT U20 2nd League"]
[Site "Sypniewo"]
[Date "2025.06.26"]
[Round "9.67"]
[White "Pulit, Kacper"]
[Black "Borowik, Wojciech"]
[Result "1/2-1/2"]
[WhiteElo "1873"]
[BlackElo "2123"]
[PlyCount "150"]
[EventDate "2025.06.18"]
[EventType "team-swiss"]
[EventRounds "9"]
[EventCountry "POL"]
[SourceTitle "CB27_2025"]
[SourceDate "2025.07.02"]
[SourceVersion "1"]
[SourceVersionDate "2025.07.02"]
[SourceQuality "1"]
[WhiteTeam "Gorlice Kornuty"]
[BlackTeam "Suwałki Jacwiez"]
[WhiteTeamCountry "POL"]
[BlackTeamCountry "POL"]

1. e4 c5 2. Nf3 d6 3. d4 cxd4 4. Nxd4 Nf6 5. Nc3 a6 6. Bc4 e6 7. a4 Be7 8. 0-0 0-0 9. Be3 Qc7 10. Bb3 Nc6 11. Nxc6 bxc6 12. a5 c5 13. Qe2 Bb7 14. Bf4 Nd7 15. Rfd1 Nb8 16. Qg4 c4 17. Ba2 Nd7 18. e5 Nxe5 19. Bxe5 dxe5 20. Bxc4 Rfd8 21. Rxd8+ Rxd8 22. Qe2 Qc6 23. f3 Bc5+ 24. Kh1 Bd4 25. Nd1 Ba7 26. Bd3 Qd6 27. Nc3 f5 28. h3 Bb8 29. g4 g6 30. gxf5 exf5 31. Rd1 Qc7 32. Bxa6 Ba8 33. Qc4+ Kh8 34. Rxd8+ Qxd8 35. Qd3 Qxa5 36. Kg2 e4 37. fxe4 fxe4 38. Nxe4 Qe5 39. Qd8+ Kg7 40. Qd7+ Kh6 41. Bb7 Qh2+ 42. Kf3 Qh1+ 43. Ke2 Qg2+ 44. Kd3 Qf1+ 45. Kc3 Be5+ 46. Kb3 Bxb7 47. Qxb7 Qxh3+ 48. Ka2 Qe6+ 49. Kb1 Qc4 50. Qa8 Qf1+ 51. Ka2 Qc4+ 52. Kb1 Bg7 53. Nd2 Qe2 54. Qh1+ Kg5 55. Qg1+ Kf5 56. Qc5+ Qe5 57. Qf2+ Ke6 58. Qb6+ Kf7 59. Qb7+ Qe7 60. Qf3+ Kg8 61. Qd5+ Qf7 62. Qd8+ Qf8 63. Qxf8+ Kxf8 64. b4 Bc3 65. Kc1 Bxb4 66. Ne4 h5 67. Kd1 Kf7 68. Ke2 Ke6 69. Kf3 Ke5 70. Ng3 h4 71. Ne2 Kf5 72. Nd4+ Kg5 73. Ne6+ Kf6 74. Nf4 Bd6 75. Nxg6 Kxg6 1/2-1/2

[Event "POL-chT U20 2nd League"]
[Site "Sypniewo"]
[Date "2025.06.25"]
[Round "8.55"]
[White "Jankowski, Franciszek"]
[Black "Pulit, Kacper"]
[Result "1/2-1/2"]
[WhiteElo "1967"]
[BlackElo "1873"]
[PlyCount "110"]
[EventDate "2025.06.18"]
[EventType "team-swiss"]
[EventRounds "9"]
[EventCountry "POL"]
[SourceTitle "CB27_2025"]
[SourceDate "2025.07.02"]
[SourceVersion "1"]
[SourceVersionDate "2025.07.02"]
[SourceQuality "1"]
[WhiteTeam "Warszawa Czternastka III"]
[BlackTeam "Gorlice Kornuty"]
[WhiteTeamCountry "POL"]
[BlackTeamCountry "POL"]

1. d4 Nf6 2. c4 g6 3. f3 c5 4. d5 Bg7 5. e4 d6 6. Nc3 a6 7. Bd3 e6 8. Nge2 exd5 9. exd5 0-0 10. a4 Re8 11. 0-0 Nbd7 12. Bc2 Ne5 13. b3 Bd7 14. h3 Qe7 15. Bb2 Nh5 16. Qd2 Qh4 17. Qe1 Qxe1 18. Raxe1 f5 19. Kf2 Re7 20. f4 Nf7 21. g3 Rae8 22. Bd1 b5 23. axb5 axb5 24. cxb5 Bxb5 25. Nxb5 Bxb2 26. Rg1 Nf6 27. Nec3 Bxc3 28. Nxc3 Ne4+ 29. Nxe4 Rxe4 30. Rxe4 Rxe4 31. Be2 Nh6 32. Ra1 Kf8 33. Ra6 Nf7 34. Bc4 Rd4 35. Ke2 Re4+ 36. Kf2 Ke7 37. Kf3 Rd4 38. g4 fxg4+ 39. hxg4 g5 40. fxg5 Nxg5+ 41. Kg3 Nf7 42. Ra1 Ne5 43. Ra7+ Kf6 44. Rxh7 Rxg4+ 45. Kh3 Rg1 46. Rh6+ Rg6 47. Rh8 Nxc4 48. bxc4 Ke5 49. Re8+ Kd4 50. Re6 Rg5 51. Kh4 Re5 52. Rxe5 Kxe5 53. Kg5 Kd4 54. Kf5 Kxc4 55. Ke6 Kb5 1/2-1/2

[Event "POL-chT U20 2nd League"]
[Site "Sypniewo"]
[Date "2025.06.23"]
[Round "6.25"]
[White "Jasiulewicz, Dawid"]
[Black "Pulit, Kacper"]
[Result "1/2-1/2"]
[WhiteElo "2133"]
[BlackElo "1873"]
[PlyCount "69"]
[EventDate "2025.06.18"]
[EventType "team-swiss"]
[EventRounds "9"]
[EventCountry "POL"]
[SourceTitle "CB27_2025"]
[SourceDate "2025.07.02"]
[SourceVersion "1"]
[SourceVersionDate "2025.07.02"]
[SourceQuality "1"]
[WhiteTeam "Suwałki Hancza"]
[BlackTeam "Gorlice Kornuty"]
[WhiteTeamCountry "POL"]
[BlackTeamCountry "POL"]

1. d4 Nf6 2. Nf3 g6 3. c4 Bg7 4. Nc3 d5 5. cxd5 Nxd5 6. e4 Nxc3 7. bxc3 c5 8. Rb1 0-0 9. Be2 cxd4 10. cxd4 Qa5+ 11. Bd2 Qxa2 12. 0-0 Bg4 13. Bg5 Qe6 14. h3 Bxf3 15. Bxf3 Rd8 16. d5 Qe5 17. Bh4 Nd7 18. Rxb7 Qd6 19. Be2 Be5 20. Qd2 Bf4 21. Bxe7 Bh2+ 22. Kh1 Qxe7 23. Kxh2 Qxe4 24. Bf3 Qe5+ 25. g3 Nc5 26. Rb5 Ne4 27. Qd3 Nd6 28. Ra5 Rac8 29. Ra3 Rc7 30. Rfa1 Rdc8 31. Kg2 Rc3 32. Qe2 Qxe2 33. Bxe2 Rxa3 34. Rxa3 Rc5 35. Kf3 1/2-1/2